Mau Mau menangis

Bibliographic Details
Main Author: Muhibah Ayob
Format: Book
Published: Kuala Lumpur : DBP , 1994
Subjects:

MARC

LEADER 00000cam a2200000 7i4500
001 0000006632
002 000007154
005 20000330.0
020 |a 9836241124 
090 0 0 |a JF   |b MUH 
100 0 |a Muhibah Ayob 
245 1 0 |a Mau Mau menangis   |c Muhibah Ayob 
260 |a Kuala Lumpur :   |b DBP ,   |c 1994 
300 |a 96p ;   |c 18cm. 
650 0 0 |a Children's stories, Malay 
999 |a 039385   |b BUKU   |c PINJAMAN   |e PERPUSTAKAAN KOMUNITI PETALING JAYA 
999 |a 039386   |b BUKU   |c JUNIOR FICTION   |e PERPUSTAKAAN KOMUNITI PETALING JAYA